00700nam a2200205 i 450000100060000000300090000600500170001500700030003200800410003502000180007608000210009410000330011524500990014826000420024730000220028950400330031165000440034485200370038885200690042513407ES-MaACL20230921104007.0t|980302s1996 sp ||||1| spa d a84-7030-400-3 a355.25(460)(091)1 aPuell de la Villa, Fernando.13aEl soldado desconocido b: de la leva a la "mili" : (1700-1912) /cFernando Puell de la Villa. aMadrid : bBiblioteca Nueva, c[1996] a326 p. ; c24 cm. aBibliografía : p. 305-326. aServicio militar-zEspaña-vHistoria. aES-MaACLjL-20676/Ej.1bR.126367 aES-MaACLjL-27442 bR.133168 zDedicatoria autógrafa del autor